Improving NET Application performance and Scalability/ (Record no. 62974)

MARC details
000 -LEADER
fixed length control field 00414nam a22001337a 4500
005 - DATE AND TIME OF LATEST TRANSACTION
control field 20180827130719.0
020 ## - INTERNATIONAL STANDARD BOOK NUMBER
International Standard Book Number 8120326989
Terms of availability 625.00
035 ## - SYSTEM CONTROL NUMBER
System control number B-182174, B-182176
245 ## - TITLE STATEMENT
Title Improving NET Application performance and Scalability/
260 ## - PUBLICATION, DISTRIBUTION, ETC. (IMPRINT)
Place of publication, distribution, etc New Delhi
Name of publisher, distributor, etc Prentice Hall of India
Date of publication, distribution, etc 2005
300 ## - PHYSICAL DESCRIPTION
Extent xivi,1097p.
Dimensions 23cms
700 ## - ADDED ENTRY--PERSONAL NAME
Personal name Hutnik, Stephen
9 (RLIN) 42168
942 ## - ADDED ENTRY ELEMENTS (KOHA)
Source of classification or shelving scheme Dewey Decimal Classification
Item type English Books
Classification part 005.756
Call number suffix IMP
Holdings
Withdrawn status Lost status Not for loan Collection code Home library Current library Date acquired Full call number Barcode Koha item type Source of acquisition Cost, normal purchase price Cost, replacement price
      Non-fiction Sarojini Nagar Sarojini Nagar 16/02/2012 005.756 IMP B-182174 English Books      
      Non-fiction Shahdara Branch Shahdara Branch 27/08/2018 005.756 IMP B-182176 English Books BPPD/PUB 625.00 625.00

© Delhi Public Library
Hit Counter
free hit counter